| 000 | 00359cam a22001217a 4500 | ||
|---|---|---|---|
| 008 | 180718b1968 xxu||||| |||| 00| 0 eng d | ||
| 082 | _aB12421x54 K112 | ||
| 100 | _aKabir, Humayun | ||
| 245 |
_aMinorities in a democracy _cby Humayun Kabir |
||
| 260 |
_aCalcutta _bMukhopadhyay _c1968 |
||
| 300 | _a94p. | ||
| 650 | _aPopulation - National Minority Groups - India | ||
| 999 |
_c370999 _d370999 |
||